[Event "Summer Prague Open 2024 - A"]
[Site "Olympik hotel, Sokolovska 138, Praha"]
[Date "2024.08.07"]
[Round "7"]
[Board "3"]
[White "Garcia Roman, Daniel"]
[Black "Kuhn, Tobias"]
[Result "1-0"]
[WhiteElo "2397"]
[BlackElo "2223"]
[PlyCount "0"]
[EventDate "2024.08.02"]
[EventRounds "9"]
[EventCountry "CZE"]

1. d4 d5 2. Nf3 Nf6 3. c4 c6 4. Nc3 e6 5. Bg5 h6 6. Bxf6 Qxf6 7. e3 g6 8. Be2 Bg7
9. O-O O-O 10. Ne5 Nd7 11. f4 Nxe5 12. fxe5 Qg5 13. Rf3 b6 14. Qa4 Bb7 15. cxd5 exd5
16. Ba6 Bxa6 17. Qxa6 Qe7 18. Qd3 Rad8 19. Raf1 Kh7 20. Ne2 c5 21. Nf4 cxd4 22. exd4
Qb4 23. b3 Kg8 24. Kh1 Rd7 25. h3 a5 26. e6 fxe6 27. Qxg6 Qxd4 28. Qxe6+ Rff7 29.
Nh5 Qe5 30. Nxg7 Qxg7 31. Rxf7 Rxf7 32. Qxd5 Qg6 33. Kh2 Kg7 34. Qxf7+ Qxf7 35. Rxf7+
Kxf7 36. Kg3 Ke6 37. Kf4 Kd5 38. g4 b5 39. h4 a4 40. g5 axb3 41. axb3  1-0

[Event "Summer Prague Open 2024 - A"]
[Site "Olympik hotel, Sokolovska 138, Praha"]
[Date "2024.08.07"]
[Round "7"]
[Board "4"]
[White "Veleshnja, Zino"]
[Black "Camarena Jimenez, Rufino"]
[Result "1/2-1/2"]
[WhiteElo "2252"]
[BlackElo "2279"]
[PlyCount "0"]
[EventDate "2024.08.02"]
[EventRounds "9"]
[EventCountry "CZE"]

1. d4 d5 2. Nf3 Nf6 3. g3 Bf5 4. Bg2 c6 5. O-O h6 6. c4 e6 7. Qb3 Qb6 8. Nc3 Nbd7
9. c5 Qa6 10. Re1 b6 11. cxb6 axb6 12. Nh4 Bh7 13. e4 Be7 14. exd5 Nxd5 15. Bxd5
cxd5 16. Bf4 O-O 17. Nxd5 Bxh4 18. Nc7 Qb7 19. Nxa8 Bd8 20. Qb5 Nf6 21. Bd6 Re8 22.
Qa4 b5 23. Qa3 Be4 24. Rac1 Qxa8 25. Qxa8 Bxa8 26. Rc8 Bb6 27. Rec1 Bb7 28. Rxe8+
Nxe8 29. Bc5 Bd8 30. Bb4 Bb6 31. Bc5 Bd8 32. Bb4 Bb6  1/2-1/2

[Event "Summer Prague Open 2024 - A"]
[Site "Olympik hotel, Sokolovska 138, Praha"]
[Date "2024.08.07"]
[Round "7"]
[Board "5"]
[White "Maj, Pawel"]
[Black "Neuman, Petr"]
[Result "0-1"]
[WhiteElo "2158"]
[BlackElo "2426"]
[PlyCount "0"]
[EventDate "2024.08.02"]
[EventRounds "9"]
[EventCountry "CZE"]

1. c4 e5 2. d3 f5 3. g3 Nf6 4. Nc3 d6 5. Bg2 Be7 6. e3 c6 7. Nge2 Be6 8. O-O h5 9.
f4 h4 10. c5 hxg3 11. hxg3 Ng4 12. cxd6 Bxd6 13. fxe5 Bxe5 14. d4 Bd6 15. e4 Bxg3
16. Nxg3 Qh4 17. Rf3 Qh2+ 18. Kf1 Qh4 19. d5 Nh2+ 20. Kg1 Nxf3+ 21. Qxf3 fxe4 22.
Qxe4 Qh2+ 23. Kf2 O-O+ 24. Bf4 Bh3 25. Nce2 Nd7 26. Nf1 Qxg2+ 27. Qxg2 Bxg2 28. Kxg2
Rae8 29. Nfg3 cxd5 30. Rd1 Nf6 31. Bg5 Ne4 32. Rxd5 Rf2+ 33. Kg1 Rxe2 34. Nxe2 Nxg5
35. Nc3 Nf3+ 36. Kf2 Ne5 37. Rb5 Re7 38. Nd5 Rf7+ 39. Kg3 Nc6 40. Nf4 Kf8 41. Ne6+
Ke8 42. Rg5 Ke7 43. Nc5 b6 44. Nd3 Kf6 45. Kg4 Rd7 46. Rf5+ Ke7 47. Nf4 Rd2 48. Nd5+
Ke6 49. Nc7+ Kd6 50. Nb5+ Ke7 51. Rg5 Rxb2 52. Kf4 Kf6 53. Rf5+ Kg6 54. Rd5 Kh7 55.
a3 Ne7 56. Rh5+ Kg6 57. Re5 Kf6 58. Rh5 g6 59. Re5 Rf2+ 60. Ke3 Kxe5  0-1

[Event "Summer Prague Open 2024 - A"]
[Site "Olympik hotel, Sokolovska 138, Praha"]
[Date "2024.08.07"]
[Round "7"]
[Board "6"]
[White "Golenia, Wojciech"]
[Black "Konopka, Michal"]
[Result "1-0"]
[WhiteElo "2212"]
[BlackElo "2325"]
[PlyCount "0"]
[EventDate "2024.08.02"]
[EventRounds "9"]
[EventCountry "CZE"]

1. e4 d5 2. exd5 Qxd5 3. Nf3 Bg4 4. Be2 Nf6 5. d4 c6 6. h3 Bh5 7. O-O e6 8. c4 Qd8
9. Qb3 Qb6 10. c5 Qxb3 11. axb3 Nbd7 12. b4 Be7 13. Nc3 O-O 14. b5 cxb5 15. Nxb5
Nd5 16. Rxa7 Rxa7 17. Nxa7 e5 18. Bc4 Bxf3 19. gxf3 Nb4 20. Bd2 Nc6 21. Nxc6 bxc6
22. Re1 Bf6 23. dxe5 Nxe5 24. Be2 g5 25. f4 gxf4 26. Bxf4 Re8 27. Rb1 Nd7 28. Bf3
Nxc5 29. Bxc6 Rc8 30. Bb5 Ne6 31. Bd7 Rc4 32. Be3 Nd4 33. b4 Nc2 34. Bc5 Bd4 35.
Bd6 Bb6 36. Rb3 Kg7 37. Rg3+ Kf6 38. Rf3+ Kg7 39. Be8 f5 40. Rxf5 Nd4 41. Rf7+ Kh8
42. Rb7 Nf3+ 43. Kg2 Nh4+ 44. Kf1 Rc1+ 45. Ke2 Bd4 46. Rc7 Rb1 47. Bd7 Ng6 48. f4
Rb3 49. b5 Nh4 50. Rc4 Nf3 51. Bg4 Re3+ 52. Kd1 Rd3+ 53. Kc2 Ne1+ 54. Kb1 Rb3+ 55.
Kc1 Bb2+ 56. Kd2 Rd3+ 57. Kxe1 Rxd6 58. Rc6 Rxc6 59. bxc6 Bc3+ 60. Ke2 Ba5 61. Kd3
Kg7 62. Kc4 Kf6 63. Kb5 Bc7 64. f5 Ke7 65. Ka6 Be5 66. Kb7  1-0

[Event "Summer Prague Open 2024 - A"]
[Site "Olympik hotel, Sokolovska 138, Praha"]
[Date "2024.08.07"]
[Round "7"]
[Board "7"]
[White "Eret, Matous"]
[Black "Zvolensky, David"]
[Result "1-0"]
[WhiteElo "2316"]
[BlackElo "2167"]
[PlyCount "0"]
[EventDate "2024.08.02"]
[EventRounds "9"]
[EventCountry "CZE"]

1. a3 e5 2. c4 Nf6 3. e3 Nc6 4. b4 a5 5. b5 Ne7 6. Bb2 Ng6 7. d4 exd4 8. Bxd4 d5
9. Nf3 c5 10. Bb2 Be6 11. Nbd2 Be7 12. Qc2 O-O 13. h4 Ng4 14. h5 Nh4 15. h6 Nxh6
16. cxd5 Nxf3+ 17. gxf3 Qxd5 18. Bc4 Qd7 19. O-O-O Bxc4 20. Qxc4 Qe6 21. Rdg1 Nf5
22. Qc3 f6 23. Rh5 c4 24. Kb1 Rfd8 25. Qxc4 Qxc4 26. Nxc4 Rac8 27. Nb6 Rc5 28. a4
Nxe3 29. Rh4 Rd1+ 30. Rxd1 Nxd1 31. Bd4 Nc3+ 32. Bxc3 Rxc3 33. Nd5 Rb3+ 34. Kc2 Rxf3
35. Nxe7+ Kf7 36. Nc8 Rxf2+ 37. Kd3 Kg6 38. Nd6 h5 39. Nxb7 Kg5 40. Rh1 h4 41. Nc5
Kg4 42. Rb1 Rf5 43. Kd4 Rh5 44. b6  1-0

[Event "Summer Prague Open 2024 - A"]
[Site "Olympik hotel, Sokolovska 138, Praha"]
[Date "2024.08.07"]
[Round "7"]
[Board "8"]
[White "Walek, Petr"]
[Black "Pahud, Cedric"]
[Result "1/2-1/2"]
[WhiteElo "2283"]
[BlackElo "2152"]
[PlyCount "0"]
[EventDate "2024.08.02"]
[EventRounds "9"]
[EventCountry "CZE"]

1. e4 e5 2. Nf3 Nc6 3. Bb5 f5 4. d3 fxe4 5. dxe4 Nf6 6. O-O d6 7. Bc4 Bg4 8. h3 Bh5
9. Nc3 Qc8 10. Qd3 Na5 11. Bb5+ c6 12. Ba4 Bf7 13. Rd1 Bc4 14. Qe3 b5 15. Bb3 Be7
16. Bxc4 Nxc4 17. Qd3 O-O 18. a4 a6 19. b3 Nb6 20. Ba3 Qb7 21. Ng5 Nc8 22. Ne2 Nh5
23. Bc1 Nb6 24. g4 Nf4 25. Nxf4 exf4 26. Nf3 Nd7 27. Ba3 b4 28. Qc4+ d5 29. exd5
cxd5 30. Rxd5 Kh8 31. Rxd7 Qxd7 32. Bxb4 Rfc8 33. Qe4 Bxb4 34. Ng5 g6 35. Qxb4 Rxc2
36. Qxf4 Re8 37. Nf7+ Kg7 38. Nd6 Rf8 39. Qd4+ Kg8 40. Qd5+ Kh8 41. Rf1 h6 42. Qd3
Rc6 43. Rd1 Kh7 44. Ne4 Qxd3 45. Rxd3 Kg7 46. Kg2 Rf7 47. f3 Rb6 48. Nd6 Rf8 49.
Nc4 Rb7 50. a5 Rb5 51. h4 Rfb8 52. Rd7+ Kh8 53. Rd6 Kg7 54. Rxa6 Rxb3 55. Ne5 Re8
56. Ra7+ Kg8 57. Nxg6 Ree3 58. Ne7+ Kh8 59. Ng6+ Kg8 60. Ne7+ Kh8 61. Nf5 Rxf3 62.
Ra6 Rfc3 63. Rxh6+ Kg8 64. Re6  1/2-1/2

[Event "Summer Prague Open 2024 - A"]
[Site "Olympik hotel, Sokolovska 138, Praha"]
[Date "2024.08.07"]
[Round "7"]
[Board "9"]
[White "Petr, Jakub"]
[Black "Kuhn, Ulf"]
[Result "1-0"]
[WhiteElo "2243"]
[BlackElo "2082"]
[PlyCount "0"]
[EventDate "2024.08.02"]
[EventRounds "9"]
[EventCountry "CZE"]

1. d4 Nf6 2. Nf3 e6 3. c4 b6 4. g3 Ba6 5. b3 Bb4+ 6. Bd2 Be7 7. Bg2 O-O 8. O-O d5
9. Ne5 Bb7 10. Nc3 c5 11. dxc5 bxc5 12. Bf4 Nc6 13. cxd5 Nxe5 14. Bxe5 Nxd5 15. Rc1
f6 16. Nxd5 exd5 17. Bb2 Qd7 18. Qd3 Rfd8 19. Rfd1 Kh8 20. Be4 Qh3 21. Qb5 Rab8 22.
Bf3 Qe6 23. Ba3 Qb6 24. Qa4 Bc6 25. Qg4 Bd7 26. Qf4 Qa5 27. Bxc5 Bxc5 28. Rxd5 Bh3
29. Rh5 Bxf2+ 30. Kxf2 Qb6+ 31. Qe3 Be6 32. Qxb6 Rxb6 33. Ra5 a6 34. Rc6 Rdb8 35.
Rxa6  1-0

[Event "Summer Prague Open 2024 - A"]
[Site "Olympik hotel, Sokolovska 138, Praha"]
[Date "2024.08.07"]
[Round "7"]
[Board "10"]
[White "Patil, Harshal"]
[Black "Sramek, Vojtech"]
[Result "1/2-1/2"]
[WhiteElo "2130"]
[BlackElo "2237"]
[PlyCount "0"]
[EventDate "2024.08.02"]
[EventRounds "9"]
[EventCountry "CZE"]

1. d4 d5 2. c4 e6 3. g3 Nf6 4. Bg2 Nc6 5. Nf3 Bd6 6. O-O O-O 7. b3 dxc4 8. bxc4 e5
9. c5 Be7 10. dxe5 Qxd1 11. Rxd1 Ne4 12. Be3 Nxc5 13. Nc3 Be6 14. Nb5 Rac8 15. Rac1
b6 16. Nfd4 Nxe5 17. Nxa7 Rcd8 18. Bf4 Bf6 19. Nxe6 Rxd1+ 20. Rxd1 Nxe6 21. Nb5 g5
22. Bc1 c6 23. Nc3 Ra8 24. a4 Ra6 25. Ne4 Be7 26. Bb2 Nc4 27. Bf6 Bxf6 28. Nxf6+
Kg7 29. Ne8+ Kf8 30. Bxc6 Nb2 31. Rd7 Nc5 32. Rc7 Ne6 33. Rd7 Nc5 34. Rd5 Nbxa4 35.
Rxg5 Nc3 36. Nf6 Nxe2+ 37. Kg2 h6 38. Rg8+ Ke7 39. Nd5+ Kd6 40. Nb4 Ra1 41. Rd8+
Ke5 42. f4+ Kf5 43. Rd6 Ne6 44. Bb5 N2d4 45. Bd3+ Kf6 46. Nd5+ Kg7 47. f5 Ra2+ 48.
Kf1 Ra1+ 49. Kf2 Ra2+ 50. Ke3 Re2+ 51. Bxe2 Nxf5+ 52. Kf2 Nxd6 53. Nxb6 Ng5 54. Nd5
Nde4+ 55. Ke3 Nd6 56. Bd3 Ne6 57. Kf3 Ne8 58. h4 N6c7 59. Ne3 Nd6 60. Kf4 f6 61.
Bf5 Ncb5 62. Bb1 Nd4 63. Nd5 Ne2+ 64. Kg4 Nd4 65. Nf4 Nc6 66. Nh5+ Kf7 67. Ba2+ Kg6
68. Nf4+ Kh7 69. Bb1+ Kg7 70. Kf3 Nd4+ 71. Ke3 Nc6 72. Ne6+ Kf7 73. Ba2 Kg6 74. Kf4
Ne7 75. Kf3 Nc6 76. Nf4+ Kg7 77. Nh5+ Kg6 78. g4 Nd4+ 79. Kf4 Nc6 80. Ng3 Kg7 81.
Ke3 Ne5 82. Be6 Nc6 83. Kd3 Kf8 84. Ke3 Ke7 85. Ba2 Ne5 86. Kf4 Nd3+ 87. Ke3 Ne5
88. Kf4 Ng6+ 89. Ke3 Nxh4 90. Bb1 Kf7 91. Nh5 Ng6 92. Kf3 Ne5+ 93. Kg3 Ndc4 94. Ba2
Ke7 95. Kf4 Nd6 96. Ng3 Ng6+ 97. Kf3 Nf8 98. Kg2 Ne6 99. Kh3 Nf4+ 100. Kh4 Kf8 101.
Nf1 Kg7 102. Ne3 Ng6+  1/2-1/2

[Event "Summer Prague Open 2024 - A"]
[Site "Olympik hotel, Sokolovska 138, Praha"]
[Date "2024.08.07"]
[Round "7"]
[Board "11"]
[White "Tynyshtyk, Diana"]
[Black "Skypala, Ondrej"]
[Result "1/2-1/2"]
[WhiteElo "1935"]
[BlackElo "2230"]
[PlyCount "0"]
[EventDate "2024.08.02"]
[EventRounds "9"]
[EventCountry "CZE"]

1. e4 e6 2. d4 d5 3. Nc3 Nf6 4. Bg5 Be7 5. e5 Nfd7 6. Bxe7 Qxe7 7. f4 a6 8. Qg4 f5
9. Qh3 c5 10. Nf3 cxd4 11. Nxd4 Nc6 12. O-O-O O-O 13. g4 fxg4 14. Qxg4 Nc5 15. Rg1
Bd7 16. Bh3 Qf7 17. Kb1 g6 18. Rgf1 Nxd4 19. Rxd4 a5 20. Qg1 Qe7 21. f5 exf5 22.
Nxd5 Qxe5 23. Nb6 Be6 24. Nxa8 Rxa8 25. Re1 Qf6 26. Qe3 Rc8 27. Bg2 Kg7 28. a3 Re8
29. Qc3 b6 30. Ka1 Rc8 31. Qd2 b5 32. Rd6 Na4 33. c3 Nc5 34. Bd5 Bxd5 35. Qxd5 Qh4
36. Qe5+ Kh6 37. Kb1 Ne4 38. Rdd1 b4 39. Qe6 Rd8 40. axb4 axb4 41. cxb4  1/2-1/2

[Event "Summer Prague Open 2024 - A"]
[Site "Olympik hotel, Sokolovska 138, Praha"]
[Date "2024.08.07"]
[Round "7"]
[Board "12"]
[White "Vanden Bussche, Steven"]
[Black "Kulhanek, Tomas"]
[Result "0-1"]
[WhiteElo "2050"]
[BlackElo "2317"]
[PlyCount "0"]
[EventDate "2024.08.02"]
[EventRounds "9"]
[EventCountry "CZE"]

1. d4 Nf6 2. Bf4 d5 3. e3 c5 4. c3 Nc6 5. Nd2 cxd4 6. exd4 Bg4 7. Qb3 Qc8 8. h3 Bh5
9. Ngf3 e6 10. Be2 Be7 11. O-O O-O 12. Rfc1 Ne4 13. Qd1 Bd6 14. Bxd6 Nxd6 15. Ne5
Bxe2 16. Qxe2 b5 17. Nd3 Re8 18. a4 a6 19. b4 f6 20. axb5 axb5 21. f4 Rb8 22. Re1
Ra8 23. Qf3 Re7 24. Nc5 Nd8 25. Qg4 f5 26. Qh4 Rea7 27. Ra5 h6 28. Rea1 Rxa5 29.
Rxa5 Nc6 30. Rxa8 Qxa8 31. Qe1 Ne4 32. Ndxe4 dxe4 33. Nxe6 Ne7 34. Qg3 g6 35. Nc5
Qe8 36. Qf2 Qa8 37. Qh4 Nd5 38. Qxh6 Qe8 39. Qh4 e3 40. Nd3 Qe4 41. Qd8+ Kh7 42.
Qd7+ Kh6 43. Qxb5 e2 44. Ne1 Qe3+ 45. Kh1 Qf2 46. Qxd5 Qf1+ 47. Kh2 Qxf4+ 48. Kh1
Qf1+ 49. Kh2 Qxe1 50. Qd8 Qf2 51. Qf8+ Kh5 52. Qh8+ Kg5 53. Qd8+ Kf4 54. Qd6+ Ke3
55. Qe5+ Kd2  0-1

[Event "Summer Prague Open 2024 - A"]
[Site "Olympik hotel, Sokolovska 138, Praha"]
[Date "2024.08.07"]
[Round "7"]
[Board "13"]
[White "Clarke, Connor"]
[Black "Mirimanian, Hayk"]
[Result "0-1"]
[WhiteElo "2048"]
[BlackElo "2290"]
[PlyCount "0"]
[EventDate "2024.08.02"]
[EventRounds "9"]
[EventCountry "CZE"]

1. d4 d5 2. Nc3 Nf6 3. Bf4 c5 4. e4 cxd4 5. Qxd4 Nc6 6. Bb5 Bd7 7. Bxc6 Bxc6 8. e5
Nd7 9. e6 fxe6 10. Nf3 Qb6 11. Qd2 d4 12. Nxd4 Bxg2 13. Rg1 e5 14. Ndb5 exf4 15.
Rxg2 Qe6+ 16. Ne2 Qc6 17. Rg5 e5 18. a4 a6 19. Nbc3 h6 20. Rg1 O-O-O 21. O-O-O g5
22. Nd5 Nf6 23. Nec3 Bc5 24. b4 Bxb4 25. Nxb4 Rxd2 26. Nxc6 Rxd1+ 27. Rxd1 bxc6 28.
Rd6 Ng4 29. Rxc6+ Kb7 30. Re6 Nxh2 31. Ne4 Nf3 32. Nc5+ Kb8 33. Nxa6+ Ka7 34. Nc5
g4 35. a5 g3 36. Re7+ Ka8 37. fxg3 fxg3 38. Rg7 Ng5 39. Nd7 g2 40. Nb6+ Kb8 41. Nd7+
Kc8 42. Nb6+ Kd8 43. Rd7+ Ke8 44. Rd1 Nf3 45. a6 Rh7 46. Nc8 Rc7 47. Nd6+ Kf8 48.
Nb5 Rc6 49. a7 Ra6 50. Rd8+ Ke7 51. a8=Q g1=Q+  0-1

[Event "Summer Prague Open 2024 - A"]
[Site "Olympik hotel, Sokolovska 138, Praha"]
[Date "2024.08.07"]
[Round "7"]
[Board "14"]
[White "Bacak, Petr"]
[Black "Schmitz, Thorsten"]
[Result "0-1"]
[WhiteElo "2049"]
[BlackElo "2218"]
[PlyCount "0"]
[EventDate "2024.08.02"]
[EventRounds "9"]
[EventCountry "CZE"]

1. e4 c5 2. Nf3 g6 3. d4 cxd4 4. Nxd4 Nc6 5. Be3 Bg7 6. Nc3 Nf6 7. Be2 O-O 8. O-O
d6 9. Nb3 Ne5 10. h3 Be6 11. Nd2 Rc8 12. f4 Nc4 13. Nxc4 Bxc4 14. Bd4 Qa5 15. e5
dxe5 16. Bxe5 Rfd8 17. Qe1 Qb6+ 18. Rf2 Bxe2 19. Qxe2 Qxb2 20. Rb1 Qa3 21. Rxb7 Rxc3
22. Bxc3 Qxc3 23. Qxe7 Rf8 24. Re2 Nd5 25. Qd7 Qd4+ 26. Kh2 Qxf4+ 27. g3 Qf3 28.
Qg4 Qf1 29. Rxa7 Bd4  0-1

[Event "Summer Prague Open 2024 - A"]
[Site "Olympik hotel, Sokolovska 138, Praha"]
[Date "2024.08.07"]
[Round "7"]
[Board "15"]
[White "Jun, Rudolf"]
[Black "Yildirim, Kemal"]
[Result "1/2-1/2"]
[WhiteElo "2198"]
[BlackElo "2029"]
[PlyCount "0"]
[EventDate "2024.08.02"]
[EventRounds "9"]
[EventCountry "CZE"]

1. e4 e5 2. Nc3 Nf6 3. g3 Bc5 4. Bg2 O-O 5. Nge2 c6 6. O-O d5 7. exd5 cxd5 8. d4
exd4 9. Nxd4 Bg4 10. Qd3 Bxd4 11. Qxd4 Nc6 12. Qf4 Qd7 13. Re1 d4 14. Ne4 Nd5 15.
Qg5 Rfe8 16. Bd2 Re5 17. Nc5 Rxg5 18. Nxd7 Rh5 19. Nc5 Ncb4 20. f3 Bh3 21. g4 Bxg2
22. gxh5 Bxf3 23. Rac1 Bxh5 24. Re5 Bg6 25. c4 dxc3 26. bxc3 f6 27. Rxd5 Nxd5 28.
c4 b6 29. cxd5 bxc5 30. Rxc5 Rd8 31. Bb4 Be4  1/2-1/2

[Event "Summer Prague Open 2024 - A"]
[Site "Olympik hotel, Sokolovska 138, Praha"]
[Date "2024.08.07"]
[Round "7"]
[Board "16"]
[White "Golenia, Jan"]
[Black "Ringuet, Cyril"]
[Result "1-0"]
[WhiteElo "2188"]
[BlackElo "2015"]
[PlyCount "0"]
[EventDate "2024.08.02"]
[EventRounds "9"]
[EventCountry "CZE"]

1. d4 d5 2. Nf3 Nf6 3. g3 e6 4. Bg2 c5 5. O-O Nc6 6. b3 Be7 7. Bb2 O-O 8. Nbd2 Bd7
9. e3 Rc8 10. c4 dxc4 11. bxc4 Qb6 12. Qb3 Qa6 13. Rac1 Nb4 14. Ne5 Ba4 15. Qa3 b6
16. Bc3 Rfd8 17. e4 Rxd4 18. Bxd4 cxd4 19. Qb2 Qa5 20. a3 Nc2 21. c5 Rxc5 22. Nb3
Qb5 23. Rxc2 Qxb3 24. Qxb3 Bxb3 25. Rb2 Ba4 26. f4 Rc3 27. Ra1 b5 28. Rba2 Bb3 29.
Rb2 Ba4 30. Rba2 Bc5 31. Kf1 Bb3 32. Rd2 Ba4 33. Rd3 Rc2 34. Nc6 Rc4 35. Ne5 Rc2
36. Nc6 Ng4 37. Nxd4 Rc4 38. Bf3 Nxh2+ 39. Kg2 Nxf3 40. Nxf3 Rc2+ 41. Rd2 Rxd2+ 42.
Nxd2 f6 43. Kf3 h5 44. Ke2 g5 45. Nf3 gxf4 46. gxf4 Kf7 47. Kd3 Bb3 48. Nd2 Ba4 49.
Nf3 a5 50. Nd4 Bd6 51. Rh1 Bxf4 52. Rxh5 Kg6 53. Rc5 Bd6 54. Rc6 Bxa3 55. Rxe6 Kf7
56. Ra6 Bb4 57. Nc6 Bb3 58. Nxa5 Ba4 59. Nc6 Bc5 60. Nd8+ Ke7 61. Ne6 Bd6 62. Nd4
Bc5 63. Nf5+ Kf7 64. Nh6+ Kg6 65. Ng8 Kf7 66. Nxf6 b4 67. Rxa4 Kxf6 68. Ra5 Be7 69.
Kd4 Ke6 70. Ra6+ Kd7 71. Kd5 Kc7 72. Ra7+ Kd8 73. Rb7 Ke8 74. Ke6  1-0

[Event "Summer Prague Open 2024 - A"]
[Site "Olympik hotel, Sokolovska 138, Praha"]
[Date "2024.08.07"]
[Round "7"]
[Board "17"]
[White "Kudaibergen, Nurlykhan"]
[Black "Pujari, Rucha"]
[Result "1-0"]
[WhiteElo "2041"]
[BlackElo "2175"]
[PlyCount "0"]
[EventDate "2024.08.02"]
[EventRounds "9"]
[EventCountry "CZE"]

1. e4 e5 2. Nf3 Nc6 3. Bc4 Nf6 4. d3 Be7 5. O-O O-O 6. Re1 d6 7. a4 Be6 8. a5 a6
9. Nc3 d5 10. exd5 Nxd5 11. Bxd5 Bxd5 12. Nxe5 Nxe5 13. Rxe5 Bc6 14. Re1 f5 15. Bf4
Bc5 16. Be5 Qg5 17. g3 f4 18. d4 fxg3 19. Bxg3 Ba7 20. Re5 Qh6 21. Nd5 Rae8 22. Ne7+
Rxe7 23. Rxe7 Rxf2 24. Bxf2 Qg5+ 25. Kf1 Bg2+ 26. Ke1 Qxe7+ 27. Qe2 Be4 28. c3 c5
29. dxc5 h6 30. Ra4 Bxc5 31. Rxe4  1-0

[Event "Summer Prague Open 2024 - A"]
[Site "Olympik hotel, Sokolovska 138, Praha"]
[Date "2024.08.07"]
[Round "7"]
[Board "18"]
[White "Czaeczine, Anne"]
[Black "Kaderabek, Jiri"]
[Result "1-0"]
[WhiteElo "2172"]
[BlackElo "2000"]
[PlyCount "0"]
[EventDate "2024.08.02"]
[EventRounds "9"]
[EventCountry "CZE"]

1. e4 d6 2. d4 Nf6 3. Nc3 g6 4. f4 Bg7 5. Nf3 O-O 6. Bd3 Na6 7. O-O c5 8. d5 Nc7
9. Qe1 e6 10. dxe6 Nxe6 11. f5 gxf5 12. Nd5 f4 13. Qh4 Nxd5 14. exd5 Qxh4 15. Nxh4
Nc7 16. c4 b5 17. Bxf4 bxc4 18. Bxc4 Rd8 19. Rab1 Rb8 20. b3 Nb5 21. Rbe1 Nd4 22.
Bg5 f6 23. Bxf6 Bxf6 24. Rxf6 Rb7 25. Bd3 Rg7 26. Re3 Rg4 27. Rh6 Rg7 28. Rg3 Bg4
29. Bxh7+ Kf8 30. Bd3 Be2 31. Rh8+  1-0

[Event "Summer Prague Open 2024 - A"]
[Site "Olympik hotel, Sokolovska 138, Praha"]
[Date "2024.08.07"]
[Round "7"]
[Board "19"]
[White "Cilia Vincenti, David"]
[Black "Persson, Andreas"]
[Result "0-1"]
[WhiteElo "2023"]
[BlackElo "2139"]
[PlyCount "0"]
[EventDate "2024.08.02"]
[EventRounds "9"]
[EventCountry "CZE"]

1. c4 e6 2. g3 d5 3. Bg2 Nf6 4. Nf3 dxc4 5. Qa4+ Bd7 6. Qxc4 Bc6 7. Nc3 a6 8. O-O
Be7 9. Qb3 O-O 10. Qc2 b5 11. a3 a5 12. Re1 Nbd7 13. Nd4 Bxg2 14. Kxg2 Ne5 15. e3
b4 16. f4 Ng6 17. Nc6 Qd7 18. Nxe7+ Nxe7 19. Na4 Nf5 20. Nc5 Qc6+ 21. Kg1 b3 22.
Qc3 Nd5 23. Qc4 Nd6 24. Qd4 Nb5  0-1

[Event "Summer Prague Open 2024 - A"]
[Site "Olympik hotel, Sokolovska 138, Praha"]
[Date "2024.08.07"]
[Round "7"]
[Board "20"]
[White "Korniichuk, Oleksandra"]
[Black "Soural, Jan"]
[Result "0-1"]
[WhiteElo "2015"]
[BlackElo "2130"]
[PlyCount "0"]
[EventDate "2024.08.02"]
[EventRounds "9"]
[EventCountry "CZE"]

1. e4 c5 2. Nf3 g6 3. d4 cxd4 4. Nxd4 Nc6 5. c4 Bg7 6. Be3 Nf6 7. Nc3 d6 8. Be2 O-O
9. O-O Bd7 10. Qd2 Nxd4 11. Bxd4 Bc6 12. f3 a5 13. b3 Nd7 14. Be3 Nc5 15. Rab1 e6
16. Rfc1 Be5 17. Bf1 Qe7 18. Nb5 b6 19. Qf2 Rfd8 20. a3 f5 21. exf5 gxf5 22. b4 axb4
23. axb4 Na4 24. Nd4 Bd7 25. Qd2 Bf6 26. Bd3 Qg7 27. Nb5 Bxb5 28. cxb5 Nc3 29. Rxc3
Bxc3 30. Qf2 Ra3 31. Bxb6 Rb8 32. Kh1 Bxb4 33. Bc4 d5 34. Bd4 Qg5 35. Bf1 Bd6 36.
Qe2 Qe7 37. Re1 e5 38. Qb2 e4 39. Bf6 Qf7 40. Be5 Qe7 41. Bf6 Qe6 42. Bd4 Ra4 43.
Bg1 Qe5 44. Qc2 Ra1 45. Rxa1 Qxa1 46. Qc6 Qe5 47. f4 Qe6 48. b6 Kf7 49. b7 Bxf4 50.
Qb5 Rd8 51. Bb6 Rg8 52. Be2 Kg6 53. h4 h5 54. Bd4 Bb8 55. Qb3 Qd6 56. Kg1 Kh7 57.
Qb5 Qh2+ 58. Kf1 Qh1+ 59. Kf2 Rxg2+ 60. Ke3 Qc1#  0-1

[Event "Summer Prague Open 2024 - A"]
[Site "Olympik hotel, Sokolovska 138, Praha"]
[Date "2024.08.07"]
[Round "7"]
[Board "21"]
[White "Pietrzak, Tomasz"]
[Black "Jedlicka, Ales"]
[Result "1-0"]
[WhiteElo "2013"]
[BlackElo "2126"]
[PlyCount "0"]
[EventDate "2024.08.02"]
[EventRounds "9"]
[EventCountry "CZE"]

1. d4 Nf6 2. c4 e6 3. g3 d5 4. Nf3 dxc4 5. Bg2 a6 6. O-O Nc6 7. e3 Bd7 8. Qe2 Bd6
9. Qxc4 O-O 10. Nc3 Rb8 11. Rd1 b5 12. Qd3 Qe7 13. e4 b4 14. e5 bxc3 15. bxc3 Nd5
16. Ng5 f5 17. exd6 cxd6 18. Re1 Qf6 19. Qxa6 Rb6 20. Qd3 h6 21. Nh3 g5 22. Bd2 f4
23. Be4 Kh8 24. f3 Nce7 25. Rab1 Rxb1 26. Rxb1 Nf5 27. g4 Nh4 28. c4 Ne3 29. Bxe3
fxe3 30. Qxe3 d5 31. cxd5 exd5 32. Bxd5 Re8 33. Qd3 h5 34. Rb7 Re1+ 35. Kf2 Re7 36.
Rb8+ Kg7 37. Nxg5 Kh6 38. Ne4 Qf4 39. g5+ Kg6 40. Rg8+ Rg7 41. Qa6+  1-0

[Event "Summer Prague Open 2024 - A"]
[Site "Olympik hotel, Sokolovska 138, Praha"]
[Date "2024.08.07"]
[Round "7"]
[Board "22"]
[White "Halafov, Ilgar"]
[Black "Krawczyk, Wojciech"]
[Result "0-1"]
[WhiteElo "1975"]
[BlackElo "2114"]
[PlyCount "0"]
[EventDate "2024.08.02"]
[EventRounds "9"]
[EventCountry "CZE"]

1. d4 Nf6 2. Bf4 b6 3. e3 Bb7 4. Nd2 d6 5. h3 Nbd7 6. Ngf3 g6 7. Be2 Bg7 8. O-O O-O
9. a4 e6 10. a5 Qe7 11. a6 Bc6 12. c4 Rac8 13. Bh2 Ba8 14. b4 c5 15. Qb3 Rfd8 16.
Rfd1 Ne8 17. Rac1 cxb4 18. Qxb4 Nb8 19. Qa3 Nc7 20. Nb3 Bf8 21. Ra1 Qe8 22. Rdc1
Ncxa6 23. Qb2 Bb7 24. Bg3 Nc6 25. Qd2 Ra8 26. Ne1 Ncb8 27. f3 Nc7 28. Nd3 a5 29.
Qb2 Ba6 30. Bf2 Nd7 31. e4 Bg7 32. Qa3 d5 33. c5 Nb5 34. Qa4 dxe4 35. fxe4 Nf6 36.
cxb6 Nxe4 37. Bf3 Bb7 38. Bxe4 Bxe4 39. Ndc5 Bc6 40. Nxa5 Nxd4 41. Qa2 Bd5 42. Qd2
Bc4 43. Qb4 Ne2+ 44. Kh1 Nxc1 45. Rxc1 Qb5 46. Qxc4 Rxa5 47. b7 Qxc4 48. Rxc4 Ra1+
49. Kh2 Be5+ 50. g3 Rb1 51. Ra4 Rd2 52. Kg2 Rbb2 53. Ne4 Rxf2+ 54. Nxf2 Rxb7 55.
Ra3 Kg7 56. Kf3 h5 57. h4 Bd6 58. Rd3 Bc5 59. Ne4 Be7 60. Rc3 Ra7 61. Kg2 Ra2+ 62.
Kh3 Bf6 63. Rf3 Bd4 64. Ng5 Ra7 65. Rxf7+ Rxf7 66. Nxe6+ Kf6 67. Nxd4 Ke5 68. Nc2
Ke4 69. Kg2 Rb7 70. Kh3 Rb2 71. Ne1 Rb1  0-1

[Event "Summer Prague Open 2024 - A"]
[Site "Olympik hotel, Sokolovska 138, Praha"]
[Date "2024.08.07"]
[Round "7"]
[Board "23"]
[White "Heron, Andrew"]
[Black "Svacina, Tobias"]
[Result "1-0"]
[WhiteElo "1973"]
[BlackElo "2071"]
[PlyCount "0"]
[EventDate "2024.08.02"]
[EventRounds "9"]
[EventCountry "CZE"]

1. e4 c5 2. Nf3 e6 3. g3 Nc6 4. Bg2 g6 5. d4 Bg7 6. d5 exd5 7. exd5 Ne5 8. Qe2 Qe7
9. Nxe5 Qxe5 10. Qxe5+ Bxe5 11. Nd2 Ne7 12. Nc4 Bg7 13. a4 b6 14. Nd6+ Kf8 15. O-O
f5 16. Re1 h6 17. a5 Ba6 18. axb6 axb6 19. c4 Bf6 20. Re3 Bb7 21. Rea3 Rxa3 22. Rxa3
Bc8 23. Ra7 Be5 24. Nxc8 Nxc8 25. Rxd7 Ke8 26. Rb7 g5 27. Bf3 Nd6 28. Rxb6 Nxc4 29.
Re6+ Kd7 30. b3 Nb2 31. Be2 Bd4 32. Bb5+  1-0